000 00570nam a22001817a 4500
005 20251108170001.0
008 250721s1999 xx 000 0 ara d
082 1 4 _aط/ق/كلي
100 1 _aكلينتنغ، لارس
245 1 0 _aقندس: الخباز /
264 1 _aستوكهوم :
_bدار المني،
_c1999.
300 _a[ 34 ] ص . : مص
650 1 7 _aالقصص المترجمة
653 _aأطفال ما قبل المدرسة ( 0-5 سنوات )
700 1 _aهنينغ، منى زريقات
_eترجمة
942 _2ddc
_cBK
999 _c36605
_d36605